00614nam a2200121Ia 4500008004100000020001800041100001800059245009800077260002700175650022500202650001200427856005300439171212s9999 xx 000 0 und d a9780833088505 aThrall, Lloyd cThrall, LloydaChina’s Expanding African RelationsbImplications for U.S. National Security bRAND Corporationc2015 aAfrica -- Strategic aspects; China -- Relations -- Africa; Africa -- Relations -- China; United States -- Relations -- China; China -- Relations -- United States; National security -- United States; Geopolitics -- Africa aHistory uhttp://www.jstor.org/stable/10.7249/j.ctt15zc655